000 00504nam a22001577a 4500
003 OSt
082 _a631.7
088 _a577
100 _aANAMIKA SATHEESH
_aSHALINI R
_aSISIRA K S
_aSWET RAJ
_95490
245 _aREFINEMENT AND EVALUATION OF AUTOMATED NUTRIENT MONITORING AND CONTROL SYSTEM FOR SPINACH IN HYDROPONICS
260 _aTAVANUR
_bDEPARTMENT OF SOIL AND WATER CONSERVATION ENGINEERING
_c2023
300 _a116
700 _aJINU.A (GUIDE)
700 _aSREEJA.K (CO-GUIDE)
_95491
942 _cPR
999 _c17715
_d17715